Codice civile: con la costituzione il trattato C.E.E. e le principali norme complementari

محفوظ في:
التفاصيل البيبلوغرافية
المؤلف الرئيسي: Di Majo, Adolfo (مؤلف)
التنسيق: كتاب
اللغة:الإيطالية
منشور في: Milán Dott A. Giuffré 1998
الطبعة:12a. ed
الموضوعات:
الوسوم: إضافة وسم
لا توجد وسوم, كن أول من يضع وسما على هذه التسجيلة!

MARC

LEADER 00000nam a2200000 a 4500
001 UCP6242
003 CL-VaPUC
008 991015e19980000IT |||||||||||||||||ita|d
082 0 4 |a 346.45  |b DIM  |2 21 
100 0 |a Di Majo, Adolfo  |e author  |9 435219 
245 1 0 |a Codice civile: con la costituzione il trattato C.E.E. e le principali norme complementari 
250 |a 12a. ed 
300 |a 1692 p 
942 |c BK 
945 |d 19991015 00:00:00  |a vberengu 
260 |a Milán  |b Dott A. Giuffré  |c 1998 
650 0 |a Derecho civil  |9 255013 
650 7 |a CODIGO CIVIL ITALIANO  |2 CL-VaPUC  |9 435220 
650 0 |a Derecho italiano  |9 385337 
650 0 |a Constitución política  |9 336925 
651 0 |a Italia  |9 254949 
583 |a last modification  |c 20131002 04:38:25  |k Rodrigo Vera 
999 |c 283845  |d 283843 
952 |0 0  |1 0  |4 0  |6 346_450000000000000_DIM_1998  |7 0  |8 A  |9 327330  |a BIBDER  |b BIBDER  |d 2019-11-20  |i 3488896  |o 346.45 DIM 1998  |p 3488896  |r 2019-11-20  |w 2019-11-20  |y BK  |k DER